| 000 | 00779nam a2200229 a 4500 | ||
|---|---|---|---|
| 003 | BD-DhJNU | ||
| 005 | 20250921050253.0 | ||
| 008 | 181107s2019 ohu b s001 0 eng c | ||
| 020 |
_a9780814213940 _q(hardcover ; _qalk. paper) |
||
| 020 |
_a0814213944 _q(hardcover ; _qalk. paper) |
||
| 040 |
_aBD-DhJNU _bENG _cBD-DhJNU _dBD-DhJNU |
||
| 082 | 0 | 0 |
_a801.93 HOP _223 |
| 100 | 1 |
_aHodgson, Justin, _eauthor. |
|
| 245 | 1 | 0 |
_aPost-digital rhetoric and the new aesthetic / _cJustin Hodgson. |
| 264 | 1 |
_aColumbus : _bThe Ohio State University Press, _c[2019] |
|
| 300 |
_axii, 190 pages ; _c24 cm. |
||
| 504 | _aIncludes bibliographical references (pages 173-180) and index. | ||
| 650 | 0 |
_aRhetoric _xData processing. |
|
| 650 | 0 | _aAesthetics. | |
| 650 | 0 | _aDigital media. | |
| 942 | _cBK | ||
| 999 |
_c2141 _d2141 |
||